| 000 | 00875nam a2200253 a 4500 | ||
|---|---|---|---|
| 001 | 39451 | ||
| 003 | BD-RjUL | ||
| 005 | 20211209053008.0 | ||
| 008 | 160411b2008 ii ||||e |||| 00| 0 ben d | ||
| 020 |
_a978812957891 _c: tk. 880.00 |
||
| 035 | _a(BD-RjUL)39564 | ||
| 040 |
_aBD-RjUL _bben _cBD-RjUL |
||
| 041 | _aben | ||
| 082 |
_223 _a891.442 _bSAN 2008 |
||
| 100 |
_aসরকার, পবিত্র _9121594 |
||
| 245 | 1 | 0 |
_aনাটমঞ্চ নাট্যরূপ / _cপবিত্র সরকার |
| 250 | _aঅখন্ড সং. | ||
| 260 |
_aকলকাতা : _bদে'জ পাবলিশিং, _c২০০৮. |
||
| 300 |
_a৬১৬ পৃ. ; _c২৪ সেমি. |
||
| 500 | _aনির্ঘণ্ট সংযুক্ত | ||
| 650 |
_aবাংলা নাটক _9117889 |
||
| 650 |
_aBengali Drama _9117890 |
||
| 942 |
_2ddc _cBK _01 |
||
| 999 |
_c39451 _d39451 |
||